Countries that were Part of the Mamluk Sultanate - Statistics

General Stats
  • This quiz has been taken 56 times
  • The average score is 11 of 11
Answer Stats
Continent Answer % Correct
Africa Egypt
100%
Asia Israel
100%
Africa Libya
100%
Asia Saudi Arabia
100%
Africa Sudan
98%
Asia Syria
98%
Asia Turkey
98%
Asia Jordan
96%
Asia Lebanon
96%
Asia Iraq
91%
Asia Cyprus
80%
No matching quizzes found
Score Distribution
Percent of People with Each Score
Percentile by Number Answered
Your Score History
You have not taken this quiz